Statistics for The Walking Dead: Quotes

Click here to take the quiz!

General Stats

  • This quiz has been taken 2,111 times
    (996 since last reset)
  • The average score is 15 of 25

Answer Stats

S Quote Character % Correct
4We've all done the worst kinds of things just to stay alive. But we can still come back. We're not too far gone. We get to come back. I know... we all can change.Rick Grimes
98%
2That's the third time you're pointing that thing at my head. You gonna pull the trigger or what?Daryl Dixon
91%
2I can't profess to understand God's plan, Christ promised the resurrection of the dead. I just thought he had something a little different in mind.Hershel Greene
89%
2Yeah, you see eleven condoms; I see eleven minutes of my life I'm never getting back.Maggie Greene
87%
2Hell man, if you think about it, in the cold light of day, you are pretty much dead already.Shane Walsh
86%
2I mean, what, we barely know each other, wh-wh-what does she really know about me? Nothing. We're practically strangers. I-I didn't know what to do with it, I just stood there like a jerk.Glenn Rhee
86%
3Rick's gotten us a lot further than I thought he would, I'll give him that. Shane could never have done that.Carol Peletier
82%
3You came out here for common interests. We have the same enemy and the same problem. And that's why you're here. That's it. This is important. I'm going to do this. And I know how I can. You can't stop me.Carl Grimes
79%
2This is about us. And if I decided I had nothing left to live for, who the hell are you to tell me otherwise? To force my hand like that?Andrea
79%
3...I need you to know that not for one second do I think there is malice in your heart. You're not a killer and I know that. I know that, so... do whatever you gotta do to keep this group safe and do it with a clear conscience.Lori Grimes
78%
2This world, what it is now, this is where you belong. And I may not have what it takes to last for long, but that's okay. 'Cause at least I can say when the world goes to shit, I didn't let it take me down with it.Dale Horvath
77%
3I don't know the reasons for the things that I do. Never did. I'm a damn mystery to me.Merle Dixon
73%
3Didn't you ever misjudge someone? Hmm? Andrea told me about your baby. That it might be your partner's. But you're caring for her and I admire that. Restitution for your own lack of insight. For failing to see the devil beside you.Philip Blake (The Governor; Brian Heriot)
70%
2This place is not what they say it is.Michonne
64%
3This is God's plan. He'll take care of me. Always has. He's gonna help me lead you out of these tunnels.Theodore Douglas (T-Dog)
62%
3See, 'cause people like you, the good people, they always die. And the bad people do, too. But the weak people, the people like me... we have inherited the earth.Morgan Jones
61%
5Satan disguises himself as the angel of light. A false light will destroy everything.Father Gabriel Stokes
53%
1Do you hear that? That's the sound of God laughing while you make plans.Jim
34%
1You do want this. Last night you said you knew it was just a matter of time before everybody you loved was dead[...]There is no hope. There never was.Dr. Edwin Jenner
32%
4These aren't things we want to do. They're things we gotta do. You and your people took away our home. That's fair play. Now we're out here like everybody else trying to survive. And in order to do that, we have to hunt. Didn't start that way, eating people. It evolved into that. We evolved. We had to. And now we've devolved, into hunters...Gareth
29%
6Someday this pain will be useful to you.Deanna Monroe
20%
6You go or you stay. Those are your choices. I will not allow you to kill me. I will not allow that.Eastman
10%
4Better listen to One Eye Bri, Pete. I can never tell if he's winking or blinking. But you know how to regulate. Don't you, Bri? He was always like this, Martinez?Mitch Dolgen
9%
2No, that's true. You don't know anything about us. You don't what we had to go through out there, the things we've had to do. I bet you've had to do some of those things yourself. Am I right? 'Cause ain't nobody's hands clean in what's left of this world. We're all the same.Dave
8%
1No. [The world]'s the same as it ever was. The weak get taken.Guillermo (G)
5%

Score Distribution

Percentile by Number Answered

Percent of People with Each Score

Your Score History

You have not taken this quiz since the last reset